Автоэлектронная эмиссия с поверхности щелочно-галоидных кристаллов в процессе возбуждения импульсным электронным пучком; Известия вузов. Физика; Т. 55, № 6/2

Sonraí bibleagrafaíochta
Parent link:Известия вузов. Физика: научный журнал.— , 1957-
Т. 55, № 6/2.— 2012.— [С. 82-87]
Údair chorparáideacha: Национальный исследовательский Томский политехнический университет (ТПУ) Институт физики высоких технологий (ИФВТ) Кафедра лазерной и световой техники (ЛиСТ), Национальный исследовательский Томский политехнический университет (ТПУ) Институт физики высоких технологий (ИФВТ) Кафедра материаловедения и технологии металлов (МТМ)
Rannpháirtithe: Степанов С. А. Сергей Александрович, Штанько В. Ф. Виктор Федорович, Чинков Е. П. Евгений Петрович, Толмачев В. М. Владимир Михайлович
Achoimre:Заглавие с экрана
На основе феноменологической модели автоэлектронной эмиссии (АЭЭ) для "однородной" поверхности проведен расчет плотности тока АЭЭ с облучаемой импульсным электронным пучком (ИЭП) поверхности образца.
Режим доступа: по договору с организацией-держателем ресурса
Teanga:Rúisis
Foilsithe / Cruthaithe: 2012
Ábhair:
Rochtain ar líne:http://elibrary.ru/item.asp?id=18441385
Formáid: MixedMaterials Leictreonach Caibidil leabhair
KOHA link:https://koha.lib.tpu.ru/cgi-bin/koha/opac-detail.pl?biblionumber=641030

MARC

LEADER 00000naa0a2200000 4500
001 641030
005 20250313134645.0
035 |a (RuTPU)RU\TPU\network\5908 
035 |a RU\TPU\network\5907 
090 |a 641030 
100 |a 20150507d2012 k||y0rusy50 ca 
101 0 |a rus 
102 |a RU 
135 |a drcn ---uucaa 
181 0 |a i  
182 0 |a b 
200 1 |a Автоэлектронная эмиссия с поверхности щелочно-галоидных кристаллов в процессе возбуждения импульсным электронным пучком  |f С. А. Степанов [и др.] 
203 |a Текст  |c электронный 
300 |a Заглавие с экрана 
320 |a [Библиогр.: с. 87 (15 назв.)] 
330 |a На основе феноменологической модели автоэлектронной эмиссии (АЭЭ) для "однородной" поверхности проведен расчет плотности тока АЭЭ с облучаемой импульсным электронным пучком (ИЭП) поверхности образца. 
333 |a Режим доступа: по договору с организацией-держателем ресурса 
461 |t Известия вузов. Физика  |o научный журнал  |d 1957- 
463 |t Т. 55, № 6/2  |v [С. 82-87]  |d 2012 
610 1 |a электронный ресурс 
610 1 |a труды учёных ТПУ 
610 1 |a автоэлектронная эмиссия 
610 1 |a щелочно-галоидные кристаллы 
610 1 |a возбуждение импульсов 
610 1 |a электронные пучки 
610 1 |a плотность тока 
701 1 |a Степанов  |b С. А.  |c специалист в области светотехники  |c инженер Томского политехнического университета  |f 1986-  |g Сергей Александрович  |3 (RuTPU)RU\TPU\pers\30150  |9 14555 
701 1 |a Штанько  |b В. Ф.  |c физик  |c профессор Томского политехнического университета, доктор физико-математических наук  |f 1948-  |g Виктор Федорович  |3 (RuTPU)RU\TPU\pers\25978  |9 11827 
701 1 |a Чинков  |b Е. П.  |c специалист в области материаловедения  |c доцент Томского политехнического университета, кандидат физико-математических наук  |f 1952-  |g Евгений Петрович  |3 (RuTPU)RU\TPU\pers\27006  |9 12591 
701 1 |a Толмачев  |b В. М.  |g Владимир Михайлович 
712 0 2 |a Национальный исследовательский Томский политехнический университет (ТПУ)  |b Институт физики высоких технологий (ИФВТ)  |b Кафедра лазерной и световой техники (ЛиСТ)  |3 (RuTPU)RU\TPU\col\18690 
712 0 2 |a Национальный исследовательский Томский политехнический университет (ТПУ)  |b Институт физики высоких технологий (ИФВТ)  |b Кафедра материаловедения и технологии металлов (МТМ)  |3 (RuTPU)RU\TPU\col\18689 
801 2 |a RU  |b 63413507  |c 20150614  |g RCR 
856 4 |u http://elibrary.ru/item.asp?id=18441385 
942 |c CF